| 000 | 00573nam a2200181Ia 4500 | ||
|---|---|---|---|
| 005 | 20250923145342.0 | ||
| 008 | 008 250917s9999 xx 000 0 eng d | ||
| 037 | _aTextual | ||
| 040 |
_aDSWL _beng _cDSWL |
||
| 041 |
_aeng _2eng |
||
| 084 |
_aY31.1, N73 _qDSWL |
||
| 100 |
_aCritchfield, Richard _9834382 |
||
| 245 | 4 |
_aThe Golden Bowl Be Broken: Peasant life in four cultures _c by Richard Critchfield |
|
| 260 |
_aBloomington _bIndiana University Press _c1973 |
||
| 300 | _avii,312p. | ||
| 942 |
_cTEXL _hY31.1, N73 |
||
| 999 |
_c1450335 _d1450335 |
||